Normal view
MARC view
Entry Personal Name
001 - CONTROL NUMBER
- control field: 61412
003 - CONTROL NUMBER IDENTIFIER
- control field: dpl
005 - DATE AND TIME OF LATEST TRANSACTION
- control field: 20240130112110.0
008 - FIXED-LENGTH DATA ELEMENTS
- fixed length control field: 240130|| aca||aabn | a|a d
040 ## - CATALOGING SOURCE
- Original cataloging agency: dpl
- Transcribing agency: dpl
100 ## - HEADING--PERSONAL NAME
- Personal name: अग्रवाल, शोभा 'चिलबिल'
670 ## - SOURCE DATA FOUND
- Source citation: Work cat.: (dpl)200441: अग्रवाल, शोभा 'चिलबिल', मानव अधिकार व कर्तव्य एवं महिलाए :, 2023
